Matemáticas (Record no. 28739)

MARC details
000 -LEADER
campo de control de longitud fija 00706nam a2200181 i 4500
001 - NÚMERO DE CONTROL
campo de control 28739
003 - IDENTIFICADOR DE NÚMERO DE CONTROL
campo de control ES-MaACL
005 - FECHA Y HORA DE LA ÚLTIMA TRANSACCIÓN
campo de control 20230906153923.0
007 - CAMPO FIJO DE DESCRIPCIÓN FÍSICA--INFORMACIÓN GENERAL
campo de control de longitud fija t|
008 - DATOS DE LONGITUD FIJA--INFORMACIÓN GENERAL
campo de control de longitud fija 030120s1943 sp ||||1| spa d
100 1# - ENTRADA PRINCIPAL--NOMBRE DE PERSONA
Nombre de persona Baratech Montes, Benigno.
9 (RLIN) 25342
245 10 - MENCIÓN DEL TÍTULO
Título Matemáticas
Resto del título : cuarto curso de Bachillerato : obra adaptada al cuestionario aprobado por Orden de 14 de abril de 1939 aprobado por el Ministerio de Educación Nacional /
Mención de responsabilidad, etc. Benigno Baratech Montes y José Estevan Ciriquián.
250 ## - MENCION DE EDICION
Mención de edición 3ª ed.
260 ## - PUBLICACIÓN, DISTRIBUCIÓN, ETC.
Lugar de publicación, distribución, etc. Zaragoza :
Nombre del editor, distribuidor, etc. [s.n.,
Fecha de publicación, distribución, etc. 1943] (
Fabricante Imp. Heraldo de Aragón)
300 ## - DESCRIPCIÓN FÍSICA
Extensión 256 p. ;
Dimensiones 27 cm.
700 1# - ENTRADA AGREGADA--NOMBRE PERSONAL
Nombre de persona Estevan Ciriquián, José.
9 (RLIN) 48124
852 ## - LOCALIZACIÓN
Ubicación ES-MaACL
Número de control de estantería F-16265
Sublocalización o colección R.20949
Holdings
Estatus retirado Estado de pérdida Estado de daño No para préstamo Biblioteca de origen Biblioteca actual Ubicación en estantería Fecha de adquisición Fuente de adquisición Total de préstamos Signatura topográfica completa Código de barras Visto por última vez Precio de reemplazo Tipo de ítem Koha
        Biblioteca del Ateneo de Madrid Biblioteca del Ateneo de Madrid Sala Pecera Planta 2 17/01/2008     F-16265 1029671 23/02/2023 23/02/2023 Libro impreso